000 00482pab a2200157 454500
008 180718b1998 xxu||||| |||| 00| 0 eng d
100 _aBagchi, Amiya Kumar
245 _aStudies on the economy of West Bengal since independence
260 _c1998
300 _ap.2973-978
362 _a21 Nov & 28 Dec
650 _aEconomic and social development - India - West Bengal
650 _aEconomic and social development
773 _aEconomic and Political Weekly
909 _a39596
999 _c39596
_d39596